[Event "Winter Malopolska Cup Master 2022"]
[Site "Krakow"]
[Date "2022.01.20"]
[Round "9.6"]
[White "Nowak, Maciej"]
[Black "Owoc, Jakub"]
[Result "0-1"]
[WhiteElo "2005"]
[BlackElo "1701"]
[Annotator "TA"]
[PlyCount "46"]
[EventDate "2022.01.15"]
[EventType "swiss"]
[EventCountry "POL"]
[SourceTitle "playchess.com"]
[Source "ChessBase"]
[SourceQuality "1"]

{[%evp 9,46,-72,-82,-106,-106,-252,-222,-368,-388,-706,-608,-606,-531,-501,-222,-260,-52,-59,-71,-271,-290,-485,-473,-470,-481,-464,-371,-400,-389,-706,-699,-790,-562,-541,-542,-570,-589,-29998,-29999]} 1. d4 d5 2. c4 dxc4 3. e4 e5 4. d5 Nf6 5. Qc2 b5 6. a4 {D20: Queen's Gambit Accepted: 3 e3 and 3 e4.} c6 (6... Bb4+ 7. Bd2 Bc5 8. axb5 $14) 7. dxc6 (7. axb5 $17 cxb5 8. Nc3) 7... Nxc6 $19 8. axb5 (8. Nf3 $142) 8... Nd4 {[%csl LRb5,LRc2]} 9. Qxc4 (9. Qd1 Bb7 10. Nc3 Nxe4 11. Bxc4) 9... Be6 10. Qd3 {[#]} Rc8 $146 {[%cal Ba8c8,Bc8c4,Bc4d4,Bd4d3,Bd3d1][%mdl 32]} ({Predecessor:} 10... Bb3 11. Na3 Bb4+ 12. Bd2 Bxd2+ 13. Kxd2 Qa5+ {0-1 (13) Koepcke,K (1570)-Mueller Toepler,M (1988) LSS email 2020}) 11. Nc3 Bc4 $40 {[%mdl 128] White is in trouble.} (11... Bb3 $142 {aiming for ...Nc2+.} 12. b6 (12. Rxa7 $2 Nc2+ 13. Kd2 Qb6 $19) 12... Nc2+ 13. Qxc2 Bxc2 14. Bb5+ Ke7 15. Rxa7+ Ke6) 12. Qd2 {Inhibits Nc2+.} Bb4 $2 (12... Qc7 $1 $19 13. Ra4 (13. Bxc4 $2 Qxc4 14. Nf3 Nxe4 $19) 13... Nxe4 $1 {[%mdl 512]} 14. Rxc4 Qxc4 15. Bxc4 Nxd2 16. Bxf7+ Kxf7 17. Bxd2 Bc5) 13. Bxc4 $15 Rxc4 14. Qd3 {[#]} (14. Nge2 $17 {was worth a try.}) 14... Qc8 $1 $19 (14... Rc7 15. Ra4 Qd6 16. Ra6 $11) 15. Nge2 (15. Bd2 Nb3 16. Rd1 (16. Rxa7 $2 O-O $19)) 15... Nxe2 16. Kxe2 Rd4 ({Wrong is} 16... Bxc3 $2 17. b6 Bd4 18. b7 Qg4+ 19. Qf3 Qxf3+ 20. gxf3 $19) 17. Qc2 Qc4+ 18. Ke1 O-O ({Don't go for} 18... Rxe4+ $2 19. Be3 O-O 20. Rc1 $19) 19. Be3 $2 (19. f3 Rd3 20. Ra4) 19... Rd3 {And now ...Rfd8 would win.} 20. Rc1 Rc8 21. Qe2 Nxe4 22. Kf1 {[%cal Oc3a2] Black must now prevent Na2!} Rcd8 {[%cal Re4c3]} 23. Nxe4 Rd1+ {[%mdl 64] Back Rank.  Weighted Error Value: White=1.30/Black=0.48} 0-1